000 00960nam a22003137a 4500
001 BR0504625
003 BR-BrBNA
005 20230928102017.0
007 ta
008 230509b bl.||||| |||| 00| 0 por d
040 _aBR-BrBNA
_bpor
_cBiblioteca Nacional de Agricultura
041 _a(Por)
072 _aE14; P01; E50
090 _ E14 BR0504625
110 1 _aInstituto Brasileiro do Meio Ambiente e dos Recursos Naturais Renováveis, Brasília, DF (Brasil)
245 1 _aCidades sustentáveis: subsídios à elaboração da agenda 21 brasileira
260 3 _aBrasília, DF (Brasil):
_c2000.
300 _a155 p.
500 _aBibliography p. 139-144
650 _aMEIO AMBIENTE
650 _aDESENVOLVIMENTO SUSTENTÁVEL
650 _aCIDADE
650 _aEDUCAÇÃO AMBIENTAL
650 _aPOLÍTICA AMBIENTAL
650 _aPRESERVAÇÃO DA NATUREZA
650 _aZONA URBANA
909 _a202309
_bLucia
_c55
_dLucia Elande
942 _cBK
999 _c68694
_d68694